A-Z sulam jarum : buku inspirasi

Bibliographic Details
Main Authors: Farah Eleena Ahmad Mahdzan (Author), Gardner, Sue (Author)
Format: Book
Language:Malay
Published: Kuala Lumpur, Malaysia : Utusan Publications & Distributors , c2010
Subjects:

MARC

LEADER 00000cam a2200000 7i4500
001 0000080903
005 20130121093000.0
008 120807s2010 my may
020 |a 9676123110 (paperback : alk. paper) 
020 |a 9789676123114 (paperback : alk. paper) 
050 0 0 |a TT778.C3   |b A86 2010 
090 0 0 |a TT778.C3   |b A86 2010 
245 0 0 |a A-Z sulam jarum :   |b buku inspirasi   |c [editor, Sue Gardner; penterjemah, Farah Eleena Mahdzan] 
246 3 0 |a A to Z sulam jarum 
246 3 0 |a Sulam jarum 
260 |a Kuala Lumpur, Malaysia :   |b Utusan Publications & Distributors ,   |c c2010 
300 |a 125 p. :   |b ill. (chiefly col.) ;   |c 30 cm. 
500 |a "Sumber bagi sulam jarum terulung untuk mereka yang baru belajar dan penyulam berpengalaman.--"lebih 1200 foto langkah demi langkah arahan mudah bagi 65 jahitan berbeza".-- Mengandungi banyak petua menarik" 
500 |a Edisi terdahulu diterbitkan dalam Bahasa Inggeris oleh Country Bumpkin Pub., 2005 
650 0 |a Canvas embroidery 
650 0 |a Canvas embroidery   |x Patterns 
650 0 |a Needlework 
700 0 |a Farah Eleena Ahmad Mahdzan ,   |e author 
700 1 |a Gardner, Sue ,   |e author 
999 |a 1000150443   |b Book   |c OPEN SHELF (30 DAYS)   |e Gong Badak Campus 
999 |a 1000150444   |b Book   |c OPEN SHELF (30 DAYS)   |e Gong Badak Campus 
999 |a 1000150445   |b Book   |c OPEN SHELF (30 DAYS)   |e Medical Campus